-tehát vagyok

Bibliographic Details
Main Authors: CS.T.VETÜLET (ain), Pém Zs. Pam (Author, uin)
Format: Article
Language:Hungarian
PhysicalDescription:Fotogr., obr.
Subjects:

MARC

LEADER 00000nab a2200000 a 4500
001 vtls000729225
003 SK-MaSNL
005 20260318114705.0
008 160405c2000 xo 0 hun
015 |a SNBRB2000/08-20487 
035 |a CLN000081363 
040 |a SNKBUCL  |b slo  |c SNKBUCL  |e AACR2 
041 0 |a hun 
044 |a xo  |c SK 
080 |a 73/76.077-053.5:06.063  |2 1997 
080 |a 061.2(437.6=945.11)  |2 1997 
100 0 |a CS.T.VETÜLET  |4 ain  |9 1615511 
245 1 0 |a -tehát vagyok  |c CS.T.VETÜLET, Pém Zs. Pam 
300 |b Fotogr., obr. 
500 |a Názov spoločnosti na dokumente ...ergo sum 
610 7 |a Ergo sum (spoločnosť : Komárno, Slovensko)  |2 snkbucl  |9 1615512 
650 0 7 |a umenie výtvarné amatérske  |x autoportréty (tematika)  |x školy základné s vyučovacím jazykom maďarským  |x súťaže  |2 snkbucl  |9 1615513 
651 7 |a Komárno (Slovensko : okres)  |2 snkbucl  |9 15954 
655 7 |a články z novín a časopisov  |2 snkbucl  |9 267496 
700 0 |a Pém Zs. Pam  |4 aut  |4 uin  |9 1615514 
773 0 |t Ifi  |g Roč. 10, č. 7 (2000), s. 14 
850 |a Slovenská národná knižnica v Martine 
852 |a SNK  |b KIS3GCP 
958 |a HU 
958 |a SK 
958 |a RBX 
999 |c 3328639  |d 3330569